| 000 | 00488nam a2200193Ia 4500 | ||
|---|---|---|---|
| 008 | 220531s9999 xx 000 0 und d | ||
| 041 | _aeng | ||
| 082 |
_a- _bSIS |
||
| 100 |
_aSisodia, V. _969433 |
||
| 245 | _aBasic Of Web Design, Html, Css3 | ||
| 250 | _a1ST | ||
| 260 |
_aNew Delhi _bCentrum _c2014 |
||
| 300 | _a298 | ||
| 542 | _d03-01-2015 | ||
| 551 |
_aComputer Science _bNon-grant-CS |
||
| 650 |
_aWeb Design _969434 |
||
| 906 |
_d2014-2015 _f3956 |
||
| 999 |
_c38948 _d38948 |
||